| 000 | 00911nam a2200241 a 4500 | ||
|---|---|---|---|
| 001 | 39464 | ||
| 003 | BD-RjUL | ||
| 005 | 20211209053009.0 | ||
| 008 | 160411s2013 bg ||||| |||| 00| 0 ben d | ||
| 020 |
_a8170792703 _c: TK.1210.00 |
||
| 035 | _a(BD-RjUL)39577 | ||
| 040 |
_aBD-RjUL _bben _cBD-RjUL |
||
| 041 | _aben | ||
| 082 |
_223 _a954.14 _bROB 2013 |
||
| 100 |
_aরায়, নীহাররঞ্জন _9117407 |
||
| 245 |
_aবাঙ্গালীর ইতিহাস : _bআদিপর্ব / _cনীহাররঞ্জন রায় |
||
| 250 | _a৮ম সং. | ||
| 260 |
_aকলকাতা : _bদে'জ পাবলিশিং, _c২০১৩. |
||
| 300 |
_a৭৮৮ পৃ. : _bমানচিত্র ; _c২১ সেমি. |
||
| 650 |
_aবেঙ্গল (ভারত) _vইতিহাস _9117408 |
||
| 650 |
_aBengal (India) _vHistory. _9117409 |
||
| 942 |
_2ddc _cBK _03 |
||
| 999 |
_c39464 _d39464 |
||